[Event "Hoogovens"]
[Site "Wijk aan Zee"]
[Date "1999.01.28"]
[Round "10"]
[White "Van Wely, Loek"]
[Black "Sokolov, Ivan"]
[Result "0-1"]
[WhiteElo "2636"]
[BlackElo "2610"]
[Annotator "Ribli,Z"]
[PlyCount "68"]
[EventDate "1999.01.16"]
[EventType "tourn"]
[EventRounds "13"]
[EventCountry "NED"]
[EventCategory "17"]
[SourceTitle "CBM 069"]
[Source "ChessBase"]
[SourceDate "1999.04.01"]
[SourceVersion "1"]
[SourceVersionDate "1999.04.01"]
[SourceQuality "1"]

{[%mdl 2056]} 1. Nf3 Nf6 2. c4 e6 3. Nc3 Bb4 4. g3 {Zwei Runden später
versuchte van Wely gegen Timman 4.g4. Ribli.} O-O 5. Bg2 d5 6. Qb3 Nc6 (6... c5
7. O-O Nc6 8. d3 h6 9. Na4 (9. Bf4 Re8 10. Ne5 Nxe5 11. Bxe5 Ng4 12. a3 Ba5 13.
Bf4 e5 14. Bc1 Bxc3 15. bxc3 d4 16. h3 Nf6 17. cxd4 cxd4 18. e3 Nd7 19. Qb5 a6
20. Qd5 Qb6 21. exd4 exd4 22. Bf4 {1/2-1/2 Greenfeld,A-Gruenfeld,Y/ISR-chT
1996 (34)}) 9... b6 10. Bf4 Bd7 $1 11. a3 Ba5 12. Nc3 Bxc3 13. Qxc3 Re8 $1 14.
d4 Ne4 $1 15. Qd3 cxd4 16. cxd5 exd5 17. Nxd4 Nc5 18. Nxc6 Nxd3 19. Nxd8 Nxf4
20. gxf4 Raxd8 21. Rfd1 {1/2-1/2 Illescas Cordoba,M-Almasi,Z/Ubeda 1997 (35)})
7. d4 {Jetzt wir haben eine halb-katalanische, halb-nimzoindische Stellung.
Schwarz hat lebendiges Figurenspiel und nach der Partiefortsetzung
kontrolliert er das Feld e4.} (7. a3 Bxc3 $1 8. Qxc3 d4 9. Qc2 d3 $1 10. Qxd3
Qxd3 11. exd3 e5 $44 {[%csl Rc1,Rd3,Yd4] 1/2-1/2 Zvjaginsev,V-Ivanchuk,V/
Elista 1998/CBM 65_03/[Ribli] (24)}) (7. cxd5 exd5 8. a3 Be7 9. d4 Na5 10. Qa2
Nc4 11. Bg5 c6 12. O-O Nd6 13. Bxf6 Bxf6 14. e3 Re8 15. Rfc1 Bf5 16. Na4 h5 17.
Nc5 h4 18. b4 {1-0 Suba,M-Pogorelov,R/Anibal op4th 1997 (39)} (18. b4 g5 19. a4
a6 20. Nd2 Kg7 21. Qb3 Qe7 22. Qd1 hxg3 23. hxg3 Rh8 24. Qf1 Rh6 25. b5 axb5
26. axb5 Rxa1 27. Rxa1 Nxb5 28. Ndb3 b6 29. Na4 Qb4 30. Nc1 Nxd4 31. exd4 Bxd4
32. Ne2 b5 33. Qc1 bxa4 34. Qxg5+ Rg6 35. Qf4 Be4 36. Rd1 Bb2 37. g4 a3 38. Ng3
Qe7 39. Nf5+ Kf8 40. Nxe7 {1-0 Suba,M-Pogorelov,R/Linares 1997/CBM 58 (40)}))
7... Ne4 8. cxd5 (8. Qc2 Nd6 9. cxd5 exd5 10. O-O Bf5 11. Qb3 {1/2-1/2 Kramnik,
V-Khalifman,A/BL9596 1996}) (8. O-O Bxc3 9. cxd5 Qxd5 $1 10. bxc3 Qxb3 11. axb3
Nxc3 12. e3 Bd7 13. Bb2 Nd5 {0-1 Bang,A-Rozentalis,E/Copenhagen 1988/CBM 10 
(26)}) 8... Qxd5 $5 $146 {[#]Eine natürliche Antwort. Ähnliche Motive finden
sich in der Variante 1.d4 Nf6 2.c4 e6 3.Nc3 Bb4 4.Qc2 d5 5.cxd5 Qxd5. Es
scheint, daß die weiße Dame auf b3 unglücklich steht. Nach möglichem
Damentausch hat Schwarz keine Probleme.} (8... exd5 9. O-O Nxc3 (9... Bxc3 10.
bxc3 Na5 11. Qc2 b6 12. Rd1 Re8 13. a4 Ba6 14. Ne5 Nc4 15. Nxc4 Bxc4 16. f3 Nd6
17. e4 f6 18. a5 {1-0 Nikolic,P-Arnold,L/Wattignies 1976/EXT 99 (68)}) 10. bxc3
Ba5 11. c4 dxc4 12. Qxc4 Be6 13. Qd3 h6 14. Bb2 Bb6 15. Rfd1 Ne7 16. Ne5 c6 17.
Nc4 Qd7 18. e4 $14 {1-0 Corral Blanco,J-Salov,V/Groningen 1982/EXT 99 (53)}) 9.
Qxb4 $6 {Weiß komplitziert das Spiel.} (9. Qxd5 exd5 10. Bd2 $11) 9... Nxb4 10.
Nxd5 Nc2+ $5 {[%cal Rc2e1,Rc2a1]} (10... exd5 $11) 11. Kd1 $2 (11. Kf1 $5 Nxa1
(11... exd5 12. Rb1 $11) 12. Nxc7 Rb8 13. Bf4 $44) 11... Nxa1 12. Nxc7 Nxf2+ {
[%cal Rf2h1,Rf2d1]} (12... Rb8 13. Be3 $13) 13. Ke1 Nxh1 14. Nxa8 {[#]Es
bietet sich das Bild einer Caféhaus-Partie.} Bd7 $15 {[%cal Rf8a8] Weiß hat
eine Qualität weniger, aber der schwarze h1-Springer hat keine
Befreiungsmöglichkeiten. Trotzdem hat Schwarz Übergewicht, denn auch Weiß hat
Probleme mit seinem Springer a8. Mit dem Textzug aktiviert Schwarz seinen Turm.
} 15. Nc7 Nc2+ 16. Kf1 {[%cal Rf1g1,Rg1h1]} Rc8 {[%csl Gc8]} 17. Bf4 h6 {
[%cal Rg7g5] Schwarz bereitet 18...g5 vor, um seine Bauern am Königsflügel zu
mobilisieren.} 18. h4 (18. Kg1 g5 19. Bd6 Nxg3 20. hxg3 Bc6 $15 {[%csl Rc7]})
18... e5 $5 19. dxe5 (19. Bxe5 Ne3+ 20. Kg1 Nf2 $5 (20... Ng4 {[%csl Rc7,Re5]}
21. Bf4 Nhf2 22. Nh2 $15) 21. Kxf2 Ng4+ 22. Ke1 Nxe5 23. Nxe5 Rxc7 $17) 19...
Rxc7 20. e6 {[%cal Re6d7,Rf4c7]} Ne3+ 21. Bxe3 (21. Kg1 $2 Rc1+ $19) 21...
Nxg3+ 22. Ke1 (22. Kf2 $2 Ne4+ $19) 22... Bxe6 $5 (22... Bb5 23. Bf4 {[%cal
Rf4c7,Rf4g3]} Rc2 24. Nd4 {[%cal Rd4c2,Rd4b5]} Nxe2 25. Nxc2 Nxf4 26. exf7+
Kxf7 27. Bxb7 Nd3+ 28. Kd2 Nxb2 29. Nd4 $15 {Schwarz hat zwar einen Mehrbauern,
aber das reduzierte Material bietet Weiß Chancen.}) 23. Bf4 {[%cal Rf4c7,Rf4g3]
} Rc2 {[%csl Gc2][%cal Rc2a2,Rc2g2]} 24. Bxg3 Rxb2 {[%csl Ra2,Gb2] Theoretisch
herrscht auf dem Brett materielles Gleichgewicht, denn Schwarz hat Turm und
zwei Bauern gegen zwei Leichtfiguren, aber in Wirklichkeit ist die Aktivität
des Turms sehr bedeutend und die schwarzen Damenflügelbauern sind sehr
gefährlich.} 25. a3 Bd5 $17 {[%csl Gd5,Rg2][%cal Gd5h1] Der schwarze Läufer
steht ausgezeichnet auf d5, fesselt den g2-Läufer.} 26. Bd6 b5 27. Bb4 Ra2 {
Schwarz bereitet den Zug 28...a5 vor, um sich einen gefährlichen Freibauern zu
bilden.} 28. Kf2 a5 29. Bxa5 (29. Bd6 $5) 29... Rxa3 {[%csl Gb5]} 30. Be1 Ra4 {
[%cal Rb5b4]} 31. Bf1 $2 (31. Bh3) 31... b4 {[%csl Gb4] Der starke schwarze
b-Bauer entscheidet die Partie.} 32. Nd4 b3 33. Bc3 Ra2 {[%cal Rb3b2]} 34. Bh3
g6 $1 $19 {[%cal Rb3b2] Und Weiß gab in hoffnungsloser Stellung auf, denn es
droht 35...b2 nebst 36...b1Q. Die Möglichkeit 35.Bf5 ist jetzt verhindert und
Weiß müßte eine Figur für den Bauern geben.} 0-1

[Event "Leon"]
[Site "Leon"]
[Date "1994.??.??"]
[Round "4"]
[White "Ubilava, Elizbar"]
[Black "Leko, Peter"]
[Result "1/2-1/2"]
[WhiteElo "2535"]
[BlackElo "2545"]
[Annotator "Ribli,Z"]
[PlyCount "121"]
[EventDate "1994.05.??"]
[EventType "tourn"]
[EventRounds "9"]
[EventCountry "ESP"]
[EventCategory "12"]
[SourceTitle "CBM 042"]
[Source "ChessBase"]
[SourceDate "1994.10.01"]
[SourceVersion "1"]
[SourceVersionDate "1994.10.01"]
[SourceQuality "1"]

1. c4 c5 2. Nf3 Nf6 3. d4 cxd4 4. Nxd4 Nc6 5. Nc3 e6 6. g3 Be7 $6 7. Bg2 d5 (
7... O-O 8. O-O a6 9. b3 Qc7 10. Bb2 b6 11. Rc1 Bb7 12. Nd5 $1 $16 {Galliamova,
A-Martinidesz,D/Oakham/1992/CBM30/}) 8. O-O O-O 9. cxd5 Nxd5 (9... exd5 10. Be3
$14 {-> D34}) 10. Nxc6 (10. Nxd5 $5 exd5 11. Be3 $14 {Portisch,L-Darga,K/
Amsterdam/1969/}) 10... bxc6 11. Bd2 Rb8 12. Qc2 (12. b3 Ba6 13. Re1 Bf6 (13...
Bb4 14. Na4 $14) 14. Rc1 Nxc3 15. Bxc3 Qxd1 16. Rexd1 Bxc3 17. Rxc3 Bxe2 18.
Rd2 $14) 12... Ba6 13. Rfd1 Qb6 14. Na4 Qb7 15. e4 Nb4 16. Bxb4 Qxb4 17. Rac1
Bb5 18. Nc3 Bf6 19. a3 Qa5 20. Bf1 Bxf1 (20... Rfd8 21. Bxb5 cxb5 22. Na2 $1
Qb6 23. Nb4 $13) 21. Kxf1 Bxc3 22. Qxc3 Qb5+ 23. Kg2 Qxb2 24. Qxb2 Rxb2 25.
Rxc6 $14 Rb7 26. Rd4 g6 27. a4 (27. Ra4 $2 Rd8 $1) 27... Rfb8 28. a5 e5 29. Rd5
Re7 30. Rcc5 Rbe8 31. Kf3 Kg7 32. Ke3 Kf6 33. Rd6+ Kg7 34. Rdc6 f6 35. Rc7 Kf7
36. Kd3 f5 37. exf5 gxf5 38. R5c6 Rd8+ 39. Ke3 Rde8 40. a6 Rxc7 41. Rxc7+ Re7
42. Rb7 Ke6 43. f4 e4 44. g4 fxg4 45. Kxe4 (45. f5+ Kf6 46. Rxe7 Kxe7 47. Kxe4
Kf6 48. Kf4 h5 $10) 45... Re8 (45... h5 $2 46. Rxe7+ Kxe7 47. Kf5 $18) 46. Rxh7
(46. f5+ $5 Kf6+ 47. Kf4 $14) 46... Kf6+ 47. Kd3 Ra8 48. Ke3 Kg6 49. Rc7 Rh8
50. Rc6+ (50. Rxa7 Rh3+ 51. Ke4 Rxh2 52. Ra8 Re2+ $1 53. Kd3 Ra2 54. f5+ Kf7
$10) 50... Kf5 51. Rc5+ Kg6 52. Ke4 Rxh2 53. Rc6+ Kh7 54. Rc7+ Kg6 55. f5+ Kg5
56. Rg7+ Kf6 57. Rg6+ Kf7 58. Kf4 Rf2+ 59. Kxg4 Rg2+ 60. Kh5 Rh2+ 61. Kg5
1/2-1/2

[Event "Ciocaltea Memorial"]
[Site "Bucharest"]
[Date "2000.03.04"]
[Round "1"]
[White "Rogozenco, Dorian"]
[Black "Ionescu, Constantin"]
[Result "1-0"]
[WhiteElo "2562"]
[BlackElo "2446"]
[Annotator "Rogozenco,D"]
[PlyCount "65"]
[EventDate "2000.03.13"]
[EventType "tourn"]
[EventRounds "13"]
[EventCountry "ROU"]
[EventCategory "10"]
[SourceTitle "CBM 077"]
[Source "ChessBase"]
[SourceDate "2000.07.27"]
[SourceVersion "1"]
[SourceVersionDate "2000.07.27"]
[SourceQuality "1"]

1. d4 Nf6 2. c4 e6 3. Nc3 Bb4 4. Nf3 c5 5. g3 cxd4 6. Nxd4 O-O 7. Bg2 d5 8.
cxd5 Nxd5 9. Qb3 Qb6 10. Bxd5 exd5 11. Be3 Bxc3+ 12. Qxc3 Qg6 13. h4 $1 h5 14.
g4 Bxg4 15. f3 Bd7 $146 {Better than the piece sacrifice played by Polgar:} (
15... Rc8 16. Qd2 Nc6 17. fxg4 Ne5 18. gxh5 $2 (18. Nf5 $1) 18... Qe4 $13 19.
Rg1 Nc4 20. Qd3 Nxe3 21. Qxe4 dxe4 22. Kf2 Nc2 23. Rad1 Rc5 24. Nxc2 Rxc2 25.
Rd7 Rxb2 26. h6 e3+ 27. Kxe3 Re8+ {1/2-1/2 Zvjaginsev,V-Polgar,J/Las Vegas 1999
}) 16. Rg1 Rc8 17. Qd2 Qf6 (17... Qa6 $6 18. Rg5 g6 19. Kf2 $16) 18. Rg5 g6 19.
Kf2 $44 Nc6 20. Rag1 $6 {When I played this, I didn't realize that black
Knight may become a very active piece. That's why it was better to swap the
Knights.} (20. Nxc6 $142 Rxc6 21. Rag1 $44 (21. Bd4 Qd6 $13)) 20... Ne5 $1 21.
Ke1 (21. Rxh5 $5 Ng4+ 22. Rxg4 Bxg4 23. Rg5 Bd7 24. h5 $44) 21... Nc4 22. Qd3
Be8 (22... Nxe3 $2 23. Rxg6+ $18) (22... Kf8 $5) 23. Bf2 $5 (23. b3 Nxe3 24.
Qxe3 $13) 23... Nxb2 24. Qb1 Nc4 25. Qd3 Qf4 $6 (25... Qa6 26. Nb3 Qxa2 27. Bd4
Kf8 (27... Nb2 28. Qe3 $18) 28. Kf2 $5 $44 {White has a good compensation here:
} Qa3 $140 29. Qf5 $1 $18 Qd6 (29... Qe7 30. Rxh5 $18) (29... gxf5 30. Bf6 $18)
30. Rxg6 Qh2+ 31. Ke1 Qxh4+ 32. Bf2 $18) (25... Ne5 $142 26. Qe3 Nc4 27. Qd3
$11) 26. Nb3 $1 {/\ 27.Bd4->} Nb2 (26... Na3 27. Kf1 Qc4 28. Qf5 $1 $13) 27.
Qb1 Qb4+ 28. Kf1 Nc4 29. Qd3 Rc6 $2 $138 (29... Kf8 $1 $13) 30. Qxd5 $16 Kh7
31. Bd4 f6 32. Rxh5+ gxh5 $4 (32... Kg7 33. Qe4 $1 {/\34.Qf4-h6.} (33. Qg5 $4
Nd2+ $1 34. Qxd2 (34. Nxd2 Rc1+ $19) 34... Qxd2 35. Nxd2 Rc1+ 36. Kf2 Rxg1 37.
Kxg1 gxh5 38. Ne4 Kg6 $19) (33. Rf5 $2 Rd6 (33... Bf7 34. Qd7 Re8 35. h5 Re7
36. Qd8 Re8 37. Qd7 Re7 $11) 34. Qc5 Qxc5 35. Rxc5 Nd2+ 36. Nxd2 Rxd4 37. Rc7+
Rd7 38. Rxd7+ Bxd7 39. h5 g5 $17) 33... Qf8 (33... Rac8 34. Qf4 $18) 34. Rhg5
Ne5 35. Bxe5 (35. R5g2 $18) 35... fxe5 36. Rxe5 Bf7 37. Re7 $18) 33. Qg8+ 1-0

[Event "St Petersburg-ch"]
[Site "St Petersburg"]
[Date "1996.??.??"]
[Round "8"]
[White "Lugovoi, Aleksei"]
[Black "Orlov, Vassily"]
[Result "1-0"]
[WhiteElo "2500"]
[BlackElo "2430"]
[Annotator "Rogozenco,D"]
[PlyCount "81"]
[EventDate "1996.04.??"]
[EventType "tourn"]
[EventRounds "13"]
[EventCountry "RUS"]
[EventCategory "11"]
[SourceTitle "CBM 056"]
[Source "ChessBase"]
[SourceDate "1997.02.01"]
[SourceVersion "1"]
[SourceVersionDate "1997.02.01"]
[SourceQuality "1"]

1. d4 Nf6 2. c4 e6 3. Nc3 Bb4 4. Nf3 c5 5. g3 Ne4 6. Qd3 Qa5 7. Qxe4 Bxc3+ 8.
Bd2 Bxd2+ 9. Nxd2 d6 $6 (9... Qb6) (9... Nc6) (9... O-O) 10. Bg2 O-O 11. Qe3
Qc7 (11... cxd4 12. Qxd4 Rd8 13. O-O Nc6 14. Qe3 Qe5 15. Qxe5 Nxe5 16. f4 Ng4
17. Rf3 Bd7 18. Rd3 Bc6 19. Rd1 Bxg2 20. Kxg2 $16 {Wassin-Ooi Chern Ee/Moskow
(ol)/94.}) 12. O-O Bd7 13. Ne4 Na6 {The only way to finish development. White
has a small, but stable advantage due to the weakness on d6.} 14. Rad1 Rad8 15.
Rd2 {White has a clear plan to improve his position,whilst Black has no
counterplay at all.} b6 (15... Bc6 16. dxc5 $140 $2 (16. Rfd1 Bxe4 17. Qxe4 $16
b6 18. Qb7) 16... dxc5 17. Rxd8 Rxd8 18. Nxc5 Bxg2 19. Nxa6 Qc6 20. Nb4 Qxc4
21. Kxg2 Qxb4 $10) 16. Rfd1 Bc6 17. dxc5 dxc5 18. Nd6 Bxg2 19. Kxg2 Nb4 20. Nb5
Qb7+ 21. f3 Rxd2 22. Qxd2 a6 (22... Nxa2 23. Ra1 Nb4 (23... a6 24. Nd6 Qd7 25.
Rxa2 Rd8 26. Rxa6 Qxd6 27. Qxd6 Rxd6 28. Ra8+) 24. Rxa7 $16) 23. Nc3 Nc6 {
Finally Black managed to bring his knight into play, but the life didn`t
become easier for him. On the contrary, now White`s advantage is even biger
because of weak pawn structure (b6) and the possession of d-line.} 24. Qd7 Qxd7
25. Rxd7 Rb8 (25... Rd8 26. Rxd8+ Nxd8 27. Na4 $18) 26. Rd6 Nb4 27. a3 Nc2 28.
Kf2 Kf8 {As always, Black needs just one more move to hold the position.} 29.
Na4 $18 b5 30. cxb5 axb5 31. Nxc5 Rc8 32. Nd3 Rb8 33. Rc6 Nd4 34. Rc7 Rd8 35.
Ne5 f6 36. Nd3 e5 37. Nc5 Rd6 38. e3 Nf5 39. Ke2 Ne7 40. Rb7 f5 41. Nd7+ 1-0

[Event "ISR-chT"]
[Site "Israel"]
[Date "2018.02.23"]
[Round "9"]
[White "Roiz, Michael"]
[Black "Psakhis, Lev"]
[Result "1-0"]
[WhiteElo "2608"]
[BlackElo "2472"]
[Annotator "Roiz,M"]
[PlyCount "81"]
[EventDate "2018.01.05"]
[EventType "team-tourn"]
[EventRounds "11"]
[EventCountry "ISR"]
[SourceTitle "CBM 184"]
[Source "ChessBase"]
[SourceDate "2018.05.16"]
[SourceVersion "1"]
[SourceVersionDate "2018.05.16"]
[SourceQuality "1"]

1. d4 e6 2. c4 Nf6 3. Nf3 d5 {This came as a big surprise, since GM Psakhis is
consistent in his opening repertoire.} ({Lev has exceptional experience after
both} 3... b6) ({and} 3... c5) 4. Nc3 Bb4 5. g3 $5 {I decided to deviate from
the main lines of the Ragozin.} O-O 6. Bg2 dxc4 {Black has to accept the
challenge - otherwise the Bb4 would be misplaced.} 7. O-O Nc6 {Again, the most
challenging.} (7... Nbd7 8. Qa4 a5 9. a3 Nb6 10. Qc2 {offers White promising
compensation for the pawn.}) 8. Qa4 $5 {A somewhat unusual move, which
recently has gained some popularity.} Bd7 {What can be more natural than
developing a piece with a tempo?} ({Another logical way of handling the
position is} 8... Nd5 {and then White plays} 9. Qc2 {intending to push e2-e4
as soon as possible. As recent practical tests illustrate, White hardly has
more than sufficient compensation for a pawn:} Be7 10. Rd1 Rb8 (10... b6 11. e4
Ndb4 12. Qe2 Ba6 13. Be3 Na5 14. a3 Nd3 15. b4 Nb3 16. Rab1 $44 {Grandelius,N
- Mareco,S Linares ESP 2017}) 11. e4 Ncb4 12. Qb1 Nxc3 13. bxc3 Nd3 14. Qb5 c5
15. Qxc4 Nxc1 16. Raxc1 b5 17. Qe2 Qb6 $11 {Onischuk,A - Naroditsky,D Saint
Louis USA 2017}) 9. Bg5 $1 {It turns out, that White can keep his queen on a4
for a while.} ({A concession would be} 9. Qc2 Be7 10. e4 Rb8 11. Rd1 b5 {
and White's compensation is questionable.}) 9... Bxc3 $1 $146 {No doubt,
capturing the central pawn is the best solution.} ({But} 9... a5 $6 {is worse:}
10. Bxf6 Qxf6 11. a3 $14 {and White manages to regain the pawn in a favourable
situation.}) ({The only preceding game saw} 9... Rb8 10. Rad1 ({Another
possibility is} 10. Bxf6 $5 Qxf6 11. Ne5 Qe7 12. Nxc6 bxc6 13. Bxc6 $14) 10...
Bxc3 11. bxc3 h6 12. Bxf6 Qxf6 13. Qxc4 $14 {Matlakov,M - Tomashevsky,E St
Petersburg RUS 2017, White was somewhat better.}) 10. bxc3 Nxd4 11. Qxc4 Nc6 $1
{The knight is coming back in order to cover the long diagonal.} ({Another
retreat was much worse:} 11... Nf5 12. Ne5 Nd6 13. Qh4 $16) ({Also
insufficient for equality is} 11... Nxf3+ 12. Bxf3 Bc6 13. Bxc6 bxc6 14. Rfd1
Qe7 15. Qxc6 $14) 12. Rfd1 Qe7 13. Rab1 $1 {This move poses Black the major
practical problems.} ({I rejected the natural} 13. Nd4 Nxd4 14. Qxd4 Bc6 15.
Bxc6 bxc6 16. Qc4 h6 17. Bxf6 Qxf6 18. Qxc6 Qe5 19. e3 Rab8 {and Black is
close to full equality.}) ({The typical knight's transfer to c5 also wouldn't
offer much:} 13. Nd2 h6 14. Bxf6 Qxf6 15. Ne4 Qe7 16. Nc5 Bc8 $11 {and Black
should be able to neutralise the pressure along the long diagonal.}) 13... Rab8
{GM Psakhis is reasonably focused on patient defence.} ({After} 13... Rad8 14.
Rxb7 Na5 15. Qb4 Qxb4 16. Rxb4 c5 17. Rf4 Bb5 18. Re1 $1 $14 {White's
advantage is indisputable.}) 14. Nd4 $1 (14. Nd2 $6 {is dubious:} h6 15. Bxf6
Qxf6 {and then} 16. Ne4 Qe7 17. Nc5 {runs into} b5 $1 $17 {and Black is much
better.}) (14. Bxf6 {is harmless:} gxf6 15. Nd4 Ne5 16. Qxc7 Rfc8 17. Qa5 Qc5
18. Qxc5 Rxc5 19. f4 Ng6 $11) 14... h6 15. Be3 $1 {I was happy to find this
resource, which enables White to maintain the tension.} ({The obvious} 15. Bxf6
Qxf6 16. Nxc6 Bxc6 17. Bxc6 bxc6 18. Qxc6 Qe5 19. e3 Rxb1 20. Rxb1 Rd8 $11 {
would most likely end in a draw.}) 15... Qe8 $1 {My opponent was under strong
time pressure, but he still managed to find the best move.} (15... Rfd8 16.
Bxc6 Bxc6 17. Nxc6 bxc6 18. Rxb8 Rxb8 19. Qxc6 $14) 16. Nxc6 (16. Nb5 {wasn't
a serious alternative:} Na5 17. Qxc7 Bxb5 18. Qxa5 Bxe2 19. Re1 Ba6 $11) 16...
Bxc6 17. Bxa7 (17. Bxc6 Qxc6 18. Qxc6 bxc6 $11) 17... Ra8 ({I also seriously
considered} 17... Bxg2 18. Kxg2 b5 $1 19. Qxc7 Rc8 20. Qb7 {I had a feeling,
that Black might be able to solve the problems. Indeed, after} Nd5 21. Bd4 Nxc3
22. Bxc3 Rxc3 23. Rxb5 Ra3 24. Rb2 Qa8 25. Qxa8 Rfxa8 26. Rdd2 g5 $11 {a draw
seems unavoidable.}) 18. Bxc6 Qxc6 19. Qxc6 bxc6 20. Rb7 {Visually White is
better, but the vulnerablity of Ba7 offers Black excellent counterplay.} Rfc8
21. c4 (21. a4 Ne4 22. Rd7 Nxc3 $11) 21... Ne4 $6 {The first step in the wrong
direction.} ({Much better was} 21... Ne8 $1 22. Rd7 e5 {Now, when the Pc7 is
protected Black feels free to sit and wait} 23. f3 g5 $1 {White can do nothing
against the activation of his opponent's king} 24. Kf2 Kg7 25. a4 Kf6 26. a5
Ke6 27. Rd3 Nd6 28. a6 Nxc4 $11) 22. Rd7 Nd6 ({I was mostly expecting} 22...
Nc3 {and then after} 23. a3 (23. Kg2 $5 Nxa2 24. Rbxc7 Rxc7 25. Rxc7 $16) 23...
Nxe2+ 24. Kf1 Nc3 25. Ke1 g5 26. Kd2 Ne4+ 27. Kc2 c5 28. Rdxc7 Rxc7 29. Rxc7
Nxf2 30. Bxc5 $16 {the a-passer offers White excellent winning chances.}) 23.
Rbxc7 Rxc7 24. Rxc7 Nxc4 25. a4 {The a-passer is powerful, but White cannot
promote yet.} Nb2 $2 {Lev is inviting fresh troubles, since the advance of the
a-passer is my big achievement.} (25... e5 $1 26. Kg2 Nb2 27. a5 Nc4 28. a6 g5
$1 {would have still offer Black a defendable position. For instance,} 29. f4
gxf4 30. gxf4 exf4 31. Kf3 Na3 32. Rb7 Kh7 33. Bd4 Nc2 34. Be5 Rxa6 $11) 26. a5
Nc4 27. a6 f6 $2 ({The only way to put up resistance was} 27... Na3 $1 28. Rb7
Kh7 29. Bd4 (29. Rxf7 Kg6 30. Rb7 Nb5 31. Bb8 Rxa6 32. Be5 Ra7 33. Rb6 Kf5 34.
f4 Nc7 35. Rxc6 Nd5 $16) 29... Nb5 30. Be5 Rxa6 31. Rxf7 Ra7 32. Rf8 $16 {
White is much better, but the limited material balance leaves Black some hopes.
}) 28. g4 $2 $138 {Alas, this mistake could have spoiled all my efforts!} ({
I should have played} 28. Rb7 Kh7 29. Bd4 Rxa6 30. Bxf6 $18 {achieving a
winning position.}) 28... Na3 $2 {Luckily, Lev was the last to err in this
game.} ({Had Black played} 28... e5 $1 {his problems would be almost solved:}
29. f3 (29. h4 c5 30. e3 Nd6 $11) 29... c5 30. e3 h5 $1 31. gxh5 Na3 32. Rb7
Kh7 33. Bxc5 Rxa6 34. Bf8 Kh6 $11) 29. Rb7 Kh7 30. Bd4 $1 ({I didn't see how
to refute} 30. Bc5 $2 Rxa6 31. Bf8 {, but still rejected it. Indeed, after} Ra8
$1 32. Bxg7 Kg6 33. h4 Rg8 34. h5+ Kg5 35. f3 f5 $11 {Black manages to survive.
}) 30... e5 31. Ra7 $1 {This is the point! Now the a-passer easily decides the
game.} Rd8 32. Bc5 Nb5 33. Rb7 $18 {Black would be forced to give up the piece.
The rest was just an agony.} h5 34. gxh5 Kh6 35. a7 Rd1+ 36. Kg2 Ra1 37. Rb8
Rxa7 38. Bxa7 ({There was also the equally good} 38. Rxb5 cxb5 39. Bxa7 $18)
38... Nxa7 39. Rh8+ Kg5 40. Rh7 Nb5 41. Rxg7+ 1-0

[Event "ARG-ch 89th"]
[Site "Saenz Pena"]
[Date "2014.07.16"]
[Round "10"]
[White "Manzone, Alessandro Jr"]
[Black "Mareco, Sandro"]
[Result "1/2-1/2"]
[WhiteElo "2317"]
[BlackElo "2592"]
[Annotator "Rosito,J"]
[PlyCount "26"]
[EventDate "2014.07.09"]
[EventType "tourn"]
[EventRounds "13"]
[EventCountry "ARG"]
[EventCategory "9"]
[SourceTitle "CBM 161 Extra"]
[Source "ChessBase"]
[SourceDate "2014.08.29"]
[SourceVersion "1"]
[SourceVersionDate "2014.08.29"]
[SourceQuality "1"]

1. d4 Nf6 2. c4 e6 3. Nc3 Bb4 4. g3 c5 5. Nf3 {Con esta línea Kasparov derrotó
a Karpov en la primera partida del segundo match entre ambos disputado en 1985.
} Bxc3+ ({La variante principal es} 5... cxd4) 6. bxc3 Qa5 7. Qd3 b6 8. Bg2 Bb7
9. d5 exd5 10. cxd5 ({Era para considerar} 10. Qe3+) 10... Bxd5 11. O-O O-O 12.
Bg5 c4 13. Qf5 Bc6 $6 {En la posición final Mareco queda en una situación un
tanto incómoda debido a 14.Dxa5 bxa5 15.Axf6 gxf6 16.Tfd1. La vulnerabilidad
de su estructura de peones es evidente.} ({Mejor era} 13... Ne4 14. Be7 g6 15.
Qf4 Nc6 16. Bxf8 Rxf8 {Las negras van a capturar el peón de c3, arribando a
una posición incierta.}) 1/2-1/2